| 000 | 01325nab a2200193 i 4500 | ||
|---|---|---|---|
| 001 | 768714001 | ||
| 003 | CO-MdFUSB | ||
| 005 | 20221109153211.0 | ||
| 008 | 221109s2003 sp ||||| |||| 00| 0 spa d | ||
| 040 |
_bspa _cCO-MdFUSB _dCO-MdFUSB |
||
| 041 | _apor | ||
| 100 |
_aBerten, Ignace, _eautor |
||
| 245 |
_aPluralismo de las convicciones, búsqueda de la verdad y sociedad. Algunas notas sobre la Declaración "Dominus lesus" _c/ Ignace Berten |
||
| 300 |
_aNúmero 302, (Septiembre 2003), páginas 31- 42 _c; 21 cm |
||
| 520 | _aEl encuentro de la fe cristiana con otras tradiciones religiosas y otras culturas no acontece sin problemas ni tensiones. Encontramos un ejemplo evidente en el dialogo interreligioso que se desarrolla en Asia. Quienes se arriesgan a dialogar se sienten tocados en sus propias convicciones. Las expresiones de la fe, recibidos de forma más o menos evidente, se ven sometidas a la prueba en tanto que se exponen la experiencia y las convicciones del otro, más aún en cuanto que aquéllas hunden sus raíces en tradiciones que frecuentemente son más antiguas que el cristianismo. | ||
| 650 | 7 |
_9385 _aReligión |
|
| 773 | 0 |
_049450 _960412 _oR0334 _tRevista internacional de teología Concilium _w(CO-MdFUSB)8 _x0210-1041 _gNúmero 302, (Septiembre 2003), páginas 31- 42 _qpáginas 31 |
|
| 942 | _cANA | ||
| 999 |
_c68340 _d68340 |
||